000 00681nam a22002177a 4500
003 OSt
008 260316b2025 |||||||| |||| 00| 0 eng d
020 _a9789357783743
082 _a332.645
_bINT-
245 _aInterest rate derivatives /
_cNational Institute of Securities Markets
260 _aNew Delhi :
_bTaxmann,
_c2025.
300 _aI-17, 373 p. ;
650 _aNational Institute of Securities Markets
650 _aFinancial derivatives
650 _aInterest rates—Risk management
650 _aFutures (Finance)
650 _aOptions (Finance)
650 _aSecurities market—India
700 _aNational Institute of Securities Markets
942 _2ddc
_cBK
999 _c21619
_d21619